¿Qué ciudad en Panamá? - Estadísticas

Estadísticas generales
  • Esta prueba ha sido intentada 25 veces
  • La puntuación promedio es 11 de 16
Estadísticas de respuestas
Pregunta Inicial Ciudad % Correcto
Es la capital C Ciudad de Panamá
100%
Se llama cómo la capital de Chile S Santiago
100%
Es el apellido de la persona que descubrió América C Colón
95%
Se llama cómo un nombre común de hombre D David
95%
Tiene el nombre de un país archipielago en Asia F Filipinas
77%
Se llama "hermoso puerto" pero en portugués P Portobelo
77%
Se llama como un montaña que expulsa material magmático V Volcán
73%
Se llama como un Estado de EEUU C California
68%
Tiene el nombre de la capital de la isla Gran Canaria pero en singular L La Palma
68%
Es el antónimo de enfermedad S Salud
68%
Tiene el nombre de una fruta L Limón
55%
Tiene la mejor reseña en la provincia Chiriquí B Boquete
45%
Esta en el canal de Panamá G Gatún
41%
Tiene la palabra Puerto y el del apellido de un futbolista chileno P Puerto Vidal
36%
Dónde nació Sech R Río Abajo
36%
Tiene el nombre de una provincia argentina S Santa Fe
27%
No se encontraron pruebas coincidentes
Distribución de puntuación
Porcentaje de gente con cada puntuación
Porcentaje por número respondido
Historial de tus puntuaciones
No has intentado esta prueba.